000 00407nam a22001457a 4500
020 _a0803905653
082 _a948 SCA
100 _aScandinavian political studies
245 _aScandinavian political studies
250 _avolume 10/75
260 _aLondon
_bBeverly Hills and London sage publications
_c1975
300 _a222p.
_bIll., 25cm
650 _aparticipation and democratic theory
942 _cBK
999 _c18351
_d18351